000 00462nam a2200145 a 4500
001 000036584
005 20200930075819.0
008 120120s1982 xxu 000 0 spa d
040 _aDO-SdBNP
_bspa
_cBNPHU
245 0 0 _aNuclear medicine annual 1982 /
_ceditor Leonar m. Freeman.
260 _aNew York :
_bRaven Press,
_c1982.
300 _a410 p. ;
_c26 cm.
500 _aIncluye índice
504 _aIncluye referencias bibliográficas al final de cada capítulo
999 _c36075
_d36075